Príprava na hlasovanie v referende

Bibliographic Details
Main Author: Cmorik, Mikuláš (Author)
Format: Article
Language:Slovak
Subjects:

MARC

LEADER 00000nab a2200000 a 4500
001 vtls001002521
003 SK-MaSNL
005 20260303040820.0
008 040720e19970422xo 0 slo
035 |a RV3121 
040 |a RVGKPD  |b slo  |c RVGKPD  |e AACR2 
041 0 |a slo 
044 |a xo  |c SK 
080 |a 342.573  |2 1981 
100 1 |a Cmorik, Mikuláš  |4 aut  |9 1025270 
245 1 0 |a Príprava na hlasovanie v referende 
650 0 7 |a referendum  |z Slovensko  |2 RVGKPD  |9 13434 
650 0 7 |a členstvo v NATO  |2 RVGKPD  |9 125491 
651 7 |a Rožňava (Slovensko)  |2 RVGKPD  |9 17394 
773 0 8 |t Zora Gemera  |g Roč. 5, č.16, 22.4.1997, s. 1 
852 |a ZVYKNI  |b KIS3GCP 
999 |c 1683821  |d 1685751